[Event "Joinville op U220"]
[Site "Joinville"]
[Date "2017.02.19"]
[Round "7"]
[White "Moretto, Leticia Soares"]
[Black "Scripietz, Bruno Cesar"]
[Result "0-1"]
[WhiteElo "1749"]
[BlackElo "1540"]
[PlyCount "91"]
[EventDate "2017.02.17"]
[EventType "swiss"]
[EventRounds "7"]
[EventCountry "BRA"]
[SourceTitle "CBM 177 Extra"]
[Source "ChessBase"]
[SourceDate "2017.04.27"]
[SourceVersion "1"]
[SourceVersionDate "2017.04.27"]
[SourceQuality "1"]

1. d4 d5 2. Nf3 e6 3. Bf4 Nf6 4. e3 Nbd7 5. Bd3 c5 6. c3 c4 7. Bc2 Qb6 8. b3 Be7 9. 0-0 0-0 10. Nbd2 Qc6 11. bxc4 dxc4 12. e4 Re8 13. Re1 Nf8 14. Rb1 b5 15. a4 a6 16. Ra1 Bb7 17. Qb1 Ng6 18. Bg5 h6 19. Bxf6 Bxf6 20. e5 Bh4 21. Nxh4 Nxh4 22. Be4 Qc7 23. Bxb7 Qxb7 24. Qe4 Qxe4 25. Nxe4 Nf5 26. axb5 axb5 27. Rxa8 Rxa8 28. Nd6 Nxd6 29. exd6 Ra6 30. Rb1 Rb6 31. d7 Rd6 32. Rxb5 Rxd7 33. d5 Rxd5 34. Rxd5 exd5 35. Kf1 Kf8 36. Ke2 Ke7 37. Ke3 g5 38. f4 gxf4+ 39. Kxf4 d4 40. cxd4 Ke6 41. g4 Kd5 42. Ke3 c3 43. Kd3 c2 44. Kxc2 Kxd4 45. Kd2 Ke4 46. Ke2 0-1

[Event "Joinville op U220"]
[Site "Joinville"]
[Date "2017.02.18"]
[Round "5"]
[White "Scripietz, Bruno Cesar"]
[Black "Carvalho Neto, Joao Francisco"]
[Result "1-0"]
[WhiteElo "1540"]
[BlackElo "1785"]
[PlyCount "59"]
[EventDate "2017.02.17"]
[EventType "swiss"]
[EventRounds "7"]
[EventCountry "BRA"]
[SourceTitle "CBM 177 Extra"]
[Source "ChessBase"]
[SourceDate "2017.04.27"]
[SourceVersion "1"]
[SourceVersionDate "2017.04.27"]
[SourceQuality "1"]

1. e4 e5 2. f4 Nc6 3. Nf3 exf4 4. d3 Bc5 5. Bxf4 d6 6. h3 Nge7 7. Nbd2 f5 8. c3 0-0 9. d4 Bb6 10. e5 dxe5 11. Bxe5 Nxe5 12. Nxe5 Re8 13. Bc4+ Nd5 14. Ndf3 c6 15. Qd2 Kf8 16. 0-0-0 Bc7 17. Rdf1 b5 18. Nxc6 bxc4 19. Nxd8 Bf4 20. Nc6 Bxd2+ 21. Nxd2 Re2 22. Nxc4 Rxg2 23. Nd6 Ne3 24. Re1 f4 25. Rhf1 g5 26. Rxe3 Kg7 27. Re8 Ba6 28. Re7+ Kg6 29. Rfe1 f3 30. R1e6+ 1-0

[Event "Joinville op U220"]
[Site "Joinville"]
[Date "2017.02.18"]
[Round "3"]
[White "Scripietz, Bruno Cesar"]
[Black "Torres, Eduardo Lisboa"]
[Result "0-1"]
[WhiteElo "1540"]
[BlackElo "1929"]
[PlyCount "80"]
[EventDate "2017.02.17"]
[EventType "swiss"]
[EventRounds "7"]
[EventCountry "BRA"]
[SourceTitle "CBM 177 Extra"]
[Source "ChessBase"]
[SourceDate "2017.04.27"]
[SourceVersion "1"]
[SourceVersionDate "2017.04.27"]
[SourceQuality "1"]

1. e4 d5 2. e5 Bf5 3. d4 c5 4. Nf3 Nc6 5. Bb5 Qa5+ 6. Nc3 e6 7. 0-0 Nge7 8. dxc5 a6 9. Ba4 Qxc5 10. Qd4 Qa5 11. b4 Qxa4 12. Nxa4 Nxd4 13. Nxd4 Rc8 14. c3 Bd3 15. Rd1 Bg6 16. Bb2 Nc6 17. Nb6 Rc7 18. Rac1 Nxe5 19. f4 Nd3 20. Na8 Rc4 21. Rxd3 Bxd3 22. Nb6 Rc7 23. Na8 Rd7 24. Nb6 Rd6 25. Nc8 Rd8 26. Nb6 Bd6 27. f5 e5 28. Re1 Bc7 29. Na4 b6 30. Nc6 Bb5 31. Nxd8 Kxd8 32. c4 Bxa4 33. cxd5 f6 34. g4 Bd6 35. a3 Kd7 36. Rc1 Rc8 37. Rxc8 Kxc8 38. Kf2 Bb3 39. Bc1 Bxd5 40. g5 Be4 0-1